| Tag |
First Indicator |
Second Indicator |
Subfields |
| LEADER |
00000cam a2200000 i 4500 |
| 001 |
in00005665222 |
| 003 |
OCoLC |
| 005 |
20251017141401.9 |
| 008 |
241220t20252025scu 000 p eng |
| 010 |
|
|
|a 2024060730
|
| 040 |
|
|
|a DLC
|e rda
|c DLC
|
| 020 |
|
|
|a 9781643175072
|q paperback
|
| 020 |
|
|
|a 1643175076
|q paperback
|
| 020 |
|
|
|z 9781643175089
|q electronic book
|
| 020 |
|
|
|z 9781643175096
|q electronic book
|
| 035 |
|
|
|a (OCoLC)1482014150
|
| 041 |
1 |
|
|a eng
|h kor
|
| 050 |
0 |
0 |
|a PL994.78.K96
|b N313 2025
|
| 082 |
0 |
0 |
|a 895.71/5
|2 23/eng/20241231
|
| 100 |
1 |
|
|a Song, Kyŏng-dong,
|d 1967-
|e author.
|
| 240 |
1 |
0 |
|a Na nŭn Han'gugin i anida.
|l English
|
| 245 |
1 |
0 |
|a I am not Korean /
|c Song Kyeong-dong ; translated by Brother Anthony of Taizé.
|
| 264 |
|
1 |
|a Anderson, South Carolina :
|b Parlor Press,
|c [2025].
|
| 264 |
|
4 |
|c ©2025.
|
| 300 |
|
|
|a xii, 83 pages ;
|c 23 cm.
|
| 336 |
|
|
|a text
|b txt
|2 rdacontent
|
| 337 |
|
|
|a unmediated
|b n
|2 rdamedia
|
| 338 |
|
|
|a volume
|b nc
|2 rdacarrier
|
| 490 |
1 |
|
|a Free verse editions
|
| 546 |
|
|
|a Translated from the Korean.
|
| 520 |
|
|
|a This collection of poetry from social activist and poet Song Kyeong-dong evokes many heroic protests and some tragic incidents, but the poet never loses his sense of humor, and never loses sight of what is worthy of truly human sympathy. Song's poems are records of a heroic commitment to social justice.
|
| 541 |
|
|
|a Poetry browsing collection : gift of Eleanor Weinbaum family.
|
| 700 |
0 |
|
|a Anthony,
|c of Taizé, Brother,
|d 1942-
|e translator.
|
| 830 |
|
0 |
|a Free verse editions.
|
| 945 |
|
|
|b 517304
|
| 947 |
|
|
|a A14852311886
|
| 948 |
|
|
|a dmitchel 10/17/25 9.10.20
|
| 980 |
|
|
|b print
|c 40032901253
|f LIT/B
|g 565714
|k USD
|m 16.95
|q 1
|s AcqMono Conventional
|t Approval plan
|u Vendor order reference number
|v ZYBP
|y Print approval
|z Physical resource
|
| 999 |
f |
f |
|i 94dec96b-192f-401e-8b81-175920ecb949
|s 6b20e8e9-1fe9-449f-9fe0-41dbba7214a9
|t 0
|
| 952 |
f |
f |
|p normal
|a Texas A&M University
|b College Station
|c Sterling C. Evans Library
|d Evans: Weinbaum Poetry Collection (1st floor)
|t 0
|e PL994.78.K96 N313 2025
|h Library of Congress classification
|i unmediated -- volume
|m A14852311886
|
| 998 |
f |
f |
|a PL994.78.K96 N313 2025
|t 0
|l Evans: Weinbaum Poetry Collection (1st floor)
|